[Event "Bad Wiessee Seniors op"]
[Site "Bad Wiessee"]
[Date "2012.04.28"]
[Round "8"]
[White "Thieme, Wolfgang"]
[Black "Reitinger, Erich"]
[Result "0-1"]
[WhiteElo "1801"]
[BlackElo "1907"]
[PlyCount "105"]
[EventDate "2012.04.21"]
[EventType "swiss"]
[EventRounds "9"]
[EventCountry "GER"]
[SourceTitle "EXT 2015"]
[Source "ChessBase"]
[SourceDate "2014.11.20"]
[SourceVersion "1"]
[SourceVersionDate "2014.11.20"]
[SourceQuality "1"]

1. e4 c5 2. d4 cxd4 3. c3 dxc3 4. Nxc3 Nc6 5. Nf3 a6 6. Bc4 e6 7. Qe2 b5 8. Bb3 Bc5 9. 0-0 Qb6 10. e5 Nge7 11. Ne4 Nf5 12. Bf4 h6 13. Rad1 Bb7 14. Qd3 Rd8 15. Nd6+ Bxd6 16. exd6 0-0 17. a3 Na5 18. Ba2 Nc4 19. Bxc4 bxc4 20. Qxc4 Bd5 21. Rxd5 exd5 22. Qxd5 Qb5 23. Rd1 g5 24. Qxb5 axb5 25. Bd2 Rfe8 26. g4 Ng7 27. Bc3 Re6 28. Ne5 Ne8 29. Ba5 Ra8 30. Bc3 Rxd6 31. Rxd6 Nxd6 32. Nxd7 Ne4 33. Nf6+ Nxf6 34. Bxf6 Ra6 35. Bc3 Kh7 36. Kg2 Kg6 37. Kg3 Rd6 38. Kf3 f5 39. gxf5+ Kxf5 40. Ke3 g4 41. b3 Rd1 42. a4 Rb1 43. a5 b4 44. Bd2 Rxb3+ 45. Kd4 h5 46. Kc4 Rb2 47. Be3 b3 48. Kc3 Ra2 49. Bb6 b2 50. Kc2 Ke4 51. Kb1 Kd3 52. Bd4 Rxa5 53. Bxb2 0-1

[Event "Bad Wiessee Seniors op 1st"]
[Site "Bad Wiessee"]
[Date "2006.04.18"]
[Round "1"]
[White "Weinwurm, Wolfgang"]
[Black "Reitinger, Erich"]
[Result "1-0"]
[WhiteElo "2197"]
[BlackElo "1848"]
[PlyCount "67"]
[EventDate "2006.04.18"]
[EventType "swiss"]
[EventRounds "7"]
[EventCountry "GER"]
[SourceTitle "EXT 2007"]
[Source "ChessBase"]
[SourceDate "2006.11.23"]
[SourceVersion "1"]
[SourceVersionDate "2006.11.23"]
[SourceQuality "1"]

1. e4 c5 2. Nf3 Nc6 3. d4 cxd4 4. Nxd4 d6 5. Nc3 e6 6. g3 Be7 7. Bg2 Bd7 8. 0-0 Nf6 9. Be3 0-0 10. Qe2 Ne5 11. Rad1 a6 12. f4 Neg4 13. Bc1 Re8 14. e5 dxe5 15. fxe5 Nxe5 16. Qxe5 Ng4 17. Qf4 e5 18. Qxf7+ Kh8 19. Nf5 Qb6+ 20. Be3 Qf6 21. Qxf6 Nxf6 22. Nxe7 Rxe7 23. Bc5 Re6 24. Rxf6 gxf6 25. Rxd7 Rc8 26. Be3 b5 27. Be4 Rce8 28. Nd5 a5 29. Rxh7+ Kg8 30. Nc7 R6e7 31. Nxe8 Rxe8 32. Ra7 a4 33. Ra8 Rxa8 34. Bxa8 1-0

[Event "GER-chB Seniors 16th"]
[Site "Templin"]
[Date "2004.09.24"]
[Round "2"]
[White "Roggenbach, Ottomar"]
[Black "Reitinger, Erich"]
[Result "1/2-1/2"]
[WhiteElo "1651"]
[BlackElo "1765"]
[PlyCount "77"]
[EventDate "2004.09.04"]
[EventType "swiss"]
[EventRounds "9"]
[EventCountry "GER"]
[SourceTitle "EXT 2005"]
[Source "ChessBase"]
[SourceDate "2004.11.15"]
[SourceVersion "1"]
[SourceVersionDate "2004.11.15"]
[SourceQuality "1"]

1. e4 c5 2. d4 cxd4 3. c3 dxc3 4. Nxc3 Nc6 5. Nf3 d6 6. Bc4 e6 7. 0-0 a6 8. Qe2 Be7 9. Rd1 Qc7 10. Bf4 Ne5 11. Bxe5 dxe5 12. Rac1 Qb8 13. Qd2 Nf6 14. Qg5 0-0 15. Qxe5 Qa7 16. h3 b5 17. Bb3 Bc5 18. Rc2 Bb6 19. a3 Bb7 20. Rcd2 Kh8 21. Qf4 Bc6 22. e5 Nd5 23. Nxd5 Bxd5 24. Bxd5 exd5 25. Qf5 f6 26. e6 g6 27. Qd3 Rad8 28. Nd4 Rd6 29. Kf1 Re8 30. Re2 Qc7 31. Rc2 Qb7 32. f4 Bxd4 33. Qxd4 Rdxe6 34. Rc5 Qe7 35. Kg1 Re4 36. Qxd5 Rxf4 37. Qd6 Qe2 38. Qxf4 Qxd1+ 39. Kh2 1/2-1/2

[Event "GER-chB Seniors 16th"]
[Site "Templin"]
[Date "2004.09.08"]
[Round "5"]
[White "Reitinger, Erich"]
[Black "Bungter, Hans"]
[Result "1/2-1/2"]
[WhiteElo "1765"]
[BlackElo "1631"]
[PlyCount "73"]
[EventDate "2004.09.04"]
[EventType "swiss"]
[EventRounds "9"]
[EventCountry "GER"]
[SourceTitle "EXT 2005"]
[Source "ChessBase"]
[SourceDate "2004.11.15"]
[SourceVersion "1"]
[SourceVersionDate "2004.11.15"]
[SourceQuality "1"]

1. e4 c5 2. Nf3 d6 3. c4 Nf6 4. Nc3 g6 5. d4 Nc6 6. dxc5 dxc5 7. Qxd8+ Kxd8 8. Bg5 Bg7 9. h3 Nd7 10. Rd1 Nd4 11. Nxd4 Bxd4 12. Nd5 f6 13. Bc1 e6 14. Nf4 Ke7 15. Ne2 Be5 16. f4 Bc7 17. Bd2 b6 18. Nc3 a6 19. a4 Bb7 20. Bd3 Rad8 21. 0-0 Nb8 22. Bc2 Nc6 23. Be3 Rxd1 24. Rxd1 Rd8 25. Rxd8 Kxd8 26. Kf2 Ke7 27. g4 Nd4 28. Bd1 Kf7 29. Bc1 Ke7 30. Ke3 Kd6 31. Ne2 Nxe2 32. Bxe2 e5 33. f5 g5 34. Kd3 Bc6 35. b3 Ke7 36. Ke3 Kf7 37. Bd3 1/2-1/2

[Event "Oberbayern-ch"]
[Site "Gmund am Tegernsee"]
[Date "1993.??.??"]
[Round "6"]
[White "Moedl, E."]
[Black "Reitinger, Erich"]
[Result "1-0"]
[WhiteElo "1940"]
[BlackElo "1990"]
[PlyCount "97"]
[EventDate "1993.??.??"]
[EventType "swiss"]
[EventRounds "7"]
[EventCountry "GER"]
[SourceTitle "EXT 2004"]
[Source "ChessBase"]
[SourceDate "2003.11.25"]
[SourceVersion "1"]
[SourceVersionDate "2003.11.25"]
[SourceQuality "1"]

1. e4 c5 2. Nf3 Nc6 3. d4 cxd4 4. Nxd4 d6 5. Nc3 e6 6. Be2 Be7 7. 0-0 a6 8. Be3 Nf6 9. f4 Qc7 10. Qd2 0-0 11. Kh1 Rb8 12. Rad1 b5 13. a3 Na5 14. Qc1 Nc4 15. Bg1 b4 16. axb4 Rxb4 17. Nb3 Na5 18. Nxa5 Qxa5 19. Qd2 Qc7 20. b3 Rb8 21. Bd3 Bb7 22. Bd4 e5 23. Be3 Rbc8 24. Nd5 Nxd5 25. exd5 g6 26. f5 Qd8 27. Bh6 Re8 28. Qf2 Bh4 29. Qf3 Rc7 30. c4 Bc8 31. f6 e4 32. Bxe4 Bxf6 33. Qxf6 Qxf6 34. Rxf6 Rxe4 35. Rxd6 Re8 36. Kg1 f5 37. Kf2 Rce7 38. Rd2 Re1 39. Rb2 Kf7 40. c5 a5 41. Bg5 Kg7 42. Bd8 h6 43. Bxa5 R1e4 44. Rb1 Rf4+ 45. Kg1 Re2 46. Bc3+ Kh7 47. Ra1 h5 48. Rd8 Rff2 49. Rh8# 1-0

[Event "Oberbayern-ch"]
[Site "Gmund am Tegernsee"]
[Date "1993.??.??"]
[Round "5"]
[White "Reitinger, Erich"]
[Black "Schmelmer, Hans"]
[Result "0-1"]
[WhiteElo "1990"]
[BlackElo "2045"]
[PlyCount "106"]
[EventDate "1993.??.??"]
[EventType "swiss"]
[EventRounds "7"]
[EventCountry "GER"]
[SourceTitle "EXT 2004"]
[Source "ChessBase"]
[SourceDate "2003.11.25"]
[SourceVersion "1"]
[SourceVersionDate "2003.11.25"]
[SourceQuality "1"]

1. c4 c5 2. Nf3 Nf6 3. Nc3 e6 4. e4 d6 5. d4 cxd4 6. Nxd4 a6 7. Be2 Qc7 8. 0-0 Be7 9. Be3 Nbd7 10. f4 b6 11. f5 e5 12. Nf3 Bb7 13. Nd2 Nc5 14. Nd5 Bxd5 15. cxd5 0-0 16. Rc1 Qb7 17. Bf3 Rac8 18. Qe2 b5 19. g4 Nfd7 20. g5 f6 21. g6 h6 22. Bg2 Rfd8 23. b4 Na4 24. Nb3 Rxc1 25. Bxc1 Nb8 26. Be3 Rc8 27. Qd2 Bd8 28. Kh1 Bb6 29. Bxb6 Nxb6 30. Rc1 Nc4 31. Qc3 Nb6 32. Qd2 Nc4 33. Qc3 Nb6 34. Qe1 Nc4 35. Bf1 Nd7 36. Bxc4 bxc4 37. Na5 Qb5 38. Nc6 Rxc6 39. dxc6 Qxc6 40. Kg1 Nb6 41. Kf2 Kf8 42. Kf3 Ke8 43. Qe3 Kd8 44. a4 d5 45. exd5 Nxd5 46. Rd1 Kc8 47. Qe4 Nxb4 48. Qxc6+ Nxc6 49. Rd5 Nd4+ 50. Ke4 Nb3 51. Rxe5 c3 52. Kd5 c2 53. Re1 Kd7 0-1